| 000 | 00613cam a2200217 a 4500 | ||
|---|---|---|---|
| 001 | 13281266 | ||
| 005 | 20180223065435.0 | ||
| 008 | 030721s2005 maua 001 0 eng | ||
| 010 | _a 2003053690 | ||
| 020 | _a0321112504 | ||
| 040 |
_aDLC _cDLC _dDLC |
||
| 041 | _aeng | ||
| 080 | _a510 ANG | ||
| 082 | 0 | 0 |
_a510 ANG _222 |
| 100 | 1 | _a36 | |
| 101 | _aMAT | ||
| 245 | 1 | 2 | _aA survey of mathematics with applications. |
| 906 |
_a7 _bcbc _corignew _d1 _eocip _f20 _gy-gencatlg |
||
| 942 |
_2ddc _cBK |
||
| 999 |
_c43225 _d43225 |
||